[Event "TCh-CHN Div A Finals"]
[Site "Shaoxing"]
[Date "2024.12.04"]
[Round "2.1"]
[White "Yu, Yangyi"]
[Black "Bai, Jinshi"]
[Result "1-0"]
[WhiteElo "2724"]
[BlackElo "2551"]
[PlyCount "85"]
[EventDate "2024.12.02"]
[EventType "team-k.o."]
[EventRounds "4"]
[EventCountry "CHN"]
[SourceTitle "CB50_2024"]
[SourceDate "2024.11.01"]
[SourceVersion "1"]
[SourceVersionDate "2024.11.01"]
[SourceQuality "2"]
[WhiteTeam "Beijing"]
[BlackTeam "Hangzhou"]
[WhiteTeamCountry "CHN"]
[BlackTeamCountry "CHN"]

1. c4 e6 2. d4 d5 3. Nf3 Nf6 4. Nc3 c5 5. cxd5 cxd4 6. Qxd4 exd5 7. Bg5 Be7 8. e3 0-0 9. Be2 h6 10. Bh4 Nc6 11. Qd3 Be6 12. 0-0 Qb6 13. Bxf6 Bxf6 14. Nxd5 Bxd5 15. Qxd5 Qxb2 16. Bc4 Rad8 17. Qf5 Qb4 18. Rac1 Qa5 19. Qb1 Rd7 20. Bb3 Rfd8 21. g3 Ne5 22. Qf5 Nxf3+ 23. Qxf3 Qe5 24. Rc4 b5 25. Rf4 Qc3 26. Rf5 a6 27. h4 Rc7 28. g4 Rc5 29. Bd5 Bxh4 30. Bxf7+ Kh8 31. Bd5 Be7 32. Rd1 Rcc8 33. Kg2 Rf8 34. Be4 Qc4 35. Rd7 Qe6 36. Ra7 g6 37. Bd5 Qd6 38. Rf7 Rxf7 39. Qxf7 Rf8 40. Qxe7 Qxd5+ 41. e4 Rxf2+ 42. Kxf2 Qd2+ 43. Kf3 1-0

[Event "Chengdu Chess King 2nd"]
[Site "Chengdu"]
[Date "2024.11.04"]
[Round "4.1"]
[White "Bu, Xiangzhi"]
[Black "Yu, Yangyi"]
[Result "0-1"]
[WhiteElo "2684"]
[BlackElo "2724"]
[PlyCount "80"]
[EventDate "2024.11.03"]
[EventType "k.o. (rapid)"]
[EventRounds "4"]
[EventCountry "CHN"]
[SourceTitle "CB45_2024"]
[Source "ChessBase"]
[SourceDate "2024.11.06"]
[SourceVersion "1"]
[SourceVersionDate "2024.11.06"]
[SourceQuality "1"]

1. Nf3 d5 2. g3 Nf6 3. Bg2 e6 4. 0-0 Be7 5. d4 0-0 6. c4 dxc4 7. Na3 Bxa3 8. bxa3 Bd7 9. Ne5 Bc6 10. Nxc6 Nxc6 11. Bb2 Nd5 12. Rc1 Nb6 13. e3 Qe7 14. Qc2 Rfd8 15. Rfd1 Rd7 16. Rd2 Rad8 17. Rcd1 Qg5 18. h4 Qa5 19. Qc1 h6 20. Kh2 e5 21. Bc3 Qb5 22. dxe5 Nxe5 23. Rxd7 Ng4+ 24. Kg1 Rxd7 25. Rxd7 Nxd7 26. Qd1 Qf5 27. f3 Ngf6 28. e4 Qc5+ 29. Kh2 Qxa3 30. Qd2 Qd6 31. Qb2 Qd3 32. g4 Nc5 33. Be5 Qe3 34. Qb5 Nfd7 35. Ba1 Qf4+ 36. Kh3 Nd3 37. Bd4 N7e5 38. Qxb7 Nxf3 39. Bxf3 Qxf3+ 40. Kh2 Qxg4 0-1

[Event "Chengdu Chess King 2nd"]
[Site "Chengdu"]
[Date "2024.11.03"]
[Round "2.1"]
[White "Lu, Shanglei"]
[Black "Yu, Yangyi"]
[Result "0-1"]
[WhiteElo "2609"]
[BlackElo "2724"]
[PlyCount "48"]
[EventDate "2024.11.03"]
[EventType "k.o. (rapid)"]
[EventRounds "4"]
[EventCountry "CHN"]
[SourceTitle "CB45_2024"]
[Source "ChessBase"]
[SourceDate "2024.11.06"]
[SourceVersion "1"]
[SourceVersionDate "2024.11.06"]
[SourceQuality "1"]

1. e4 e5 2. Nf3 Nc6 3. Bb5 Nf6 4. 0-0 Nxe4 5. Re1 Nd6 6. Nxe5 Be7 7. Bf1 Nf5 8. Nf3 0-0 9. d4 d5 10. c3 Bd6 11. Bd3 Re8 12. Rxe8+ Qxe8 13. Nbd2 Be6 14. Qc2 g6 15. Ng5 Bd7 16. Ndf3 f6 17. Nh3 Ng7 18. Nf4 Ne7 19. Bd2 Bg4 20. Qb3 Bxf3 21. gxf3 c6 22. Qxb7 Rb8 23. Qxa7 Rxb2 24. Bc1 Nc8 0-1

[Event "EU-Cup 39th"]
[Site "Vrnjacka Banja"]
[Date "2024.10.24"]
[Round "5.3"]
[White "Yu, Yangyi"]
[Black "Tabatabaei, Mohammad Amin"]
[Result "1-0"]
[WhiteElo "2717"]
[BlackElo "2702"]
[PlyCount "57"]
[EventDate "2024.10.20"]
[EventType "team-swiss"]
[EventRounds "7"]
[EventCountry "SRB"]
[SourceTitle "CB44_2024"]
[Source "Chessbase"]
[SourceDate "2024.10.30"]
[SourceVersion "1"]
[SourceVersionDate "2024.10.30"]
[SourceQuality "1"]
[WhiteTeam "Alkaloid"]
[BlackTeam "Turkish Airlines"]
[WhiteTeamCountry "MKD"]
[BlackTeamCountry "TUR"]

1. e4 e5 2. Nf3 Nc6 3. Bb5 Nf6 4. 0-0 Nxe4 5. Re1 Nd6 6. Nxe5 Be7 7. Bf1 Nxe5 8. Rxe5 0-0 9. d4 Bf6 10. Re1 Re8 11. Nc3 Rxe1 12. Qxe1 Bxd4 13. Bf4 Ne8 14. Nd5 d6 15. Bg5 f6 16. Be3 Bxe3 17. Qxe3 c6 18. Re1 Kf7 19. Ne7 f5 20. Bd3 g6 21. Bc4+ d5 22. Nxd5 cxd5 23. Bxd5+ Qxd5 24. Qxe8+ Kg7 25. Re7+ Kh6 26. Qf8+ Kg5 27. h4+ Kg4 28. Qf6 Qd2 29. Re3 1-0

[Event "EU-Cup 39th"]
[Site "Vrnjacka Banja"]
[Date "2024.10.23"]
[Round "4.3"]
[White "Yu, Yangyi"]
[Black "Bjerre, Jonas Buhl"]
[Result "1/2-1/2"]
[WhiteElo "2717"]
[BlackElo "2650"]
[PlyCount "87"]
[EventDate "2024.10.20"]
[EventType "team-swiss"]
[EventRounds "7"]
[EventCountry "SRB"]
[SourceTitle "CB44_2024"]
[Source "Chessbase"]
[SourceDate "2024.10.30"]
[SourceVersion "1"]
[SourceVersionDate "2024.10.30"]
[SourceQuality "1"]
[WhiteTeam "Alkaloid"]
[BlackTeam "Ljubljana Tajfun"]
[WhiteTeamCountry "MKD"]
[BlackTeamCountry "SLO"]

1. d4 Nf6 2. c4 e6 3. Nf3 d5 4. Nc3 Bb4 5. cxd5 exd5 6. Bf4 Ne4 7. Rc1 Nc6 8. Nd2 g5 9. Bg3 Nxg3 10. hxg3 Nxd4 11. e3 Bxc3 12. Rxc3 Ne6 13. Be2 c6 14. 0-0 Qe7 15. e4 0-0 16. exd5 cxd5 17. Bd3 Bd7 18. Re1 Qf6 19. Nf3 Rfe8 20. Re5 h6 21. Rf5 Qe7 22. Ne5 Nf8 23. Nxd7 Nxd7 24. Bf1 Rac8 25. Re3 Qf8 26. Rd3 Rc6 27. Rdxd5 Nf6 28. Rd4 Rec8 29. Qe2 Kg7 30. Re5 Rd8 31. Qe3 Rxd4 32. Qxd4 Qd6 33. Qxd6 Rxd6 34. f3 Rd2 35. Re7 Rd7 36. Rxd7 Nxd7 37. Kf2 Kf6 38. Ke3 Ke5 39. Bc4 f5 40. f4+ Kd6 41. Bd3 Ke6 42. Bc4+ Kd6 43. Bd3 Ke6 44. Bc4+ 1/2-1/2